00533nam a2200169Ia 4500008004100000020001800041041000800059082001600067100001900083245004800102250000600150260003300156300001300189650001200202999001900214952013000233210716s2009 xx 000 0 und d a9788174467485 aeng a332.64 SINR aSingh, Rohini. aSecurity analysis and portfolio management. a1 aNew DelhibExcel Booksc2009 aviii,381 aFinance c204805d204805 00102ddc40738MBAaAIMITbAIMITd2010-02-02g295.00l0o332.64 SINRpMBA07371r2025-07-21 00:00:00v221.25w2021-07-16yBK